| 000 | 00942cam a2200253 4500 | ||
|---|---|---|---|
| 008 | 030210n2002 000 0 eng u | ||
| 020 | _a0415279321 | ||
| 035 | _a(Sirsi) u121307 | ||
| 041 | _aeng. | ||
| 050 |
_a711.52 _c18 |
||
| 100 | _aBuck, Nick | ||
| 245 | _aWorking capital: life and labour in contemporary London | ||
| 260 |
_aLondon _bRoutledge _c2002 |
||
| 300 |
_axvi, 408p. _c25cm. |
||
| 350 | _a22.50 | ||
| 520 | _aOffers a significant theoretical contribution to the understanding of global cities and to the relationship between competitiveness and social cohesion. Of interest to urban scholars and practitioners, this text highlights the practical problems of governing London. | ||
| 650 | _aLONDON | ||
| 650 | _aURBAN MANAGEMENT | ||
| 650 | _aURBAN ECONOMICS | ||
| 650 | _aURBAN PLANNING | ||
| 650 | _aSOCIAL CONDITIONS | ||
| 690 | _aENVIRONMENTAL AND LAND CONSULTANCY-PLANNING AND DEVELOPMENT | ||
| 942 | _n0 | ||
| 999 |
_c102649 _d102649 |
||